Statistics for All aquatic mobs in Minecraft.

Click here to take the quiz!

General Stats

  • This quiz has been taken 2 times
  • The average score is 7 of 10

Answer Stats

Answer% Correct
Dolphin
100%
Drowned
100%
Pufferfish
100%
Salmon
100%
Turtle
100%
Cod
50%
Elder Guardian
50%
Guardian
50%
Tropical Fish
50%
Axolotl
0%

Score Distribution

Percentile by Number Answered

Percent of People with Each Score

Your Score History

You have not taken this quiz